00661nam a2200241 a 4500001001300000003000900013005001700022008004100039020001000080082001300090100001600103245002100119260002900140300000900169500003500178505002400213650002200237700001600259902000800275942000700283952011400290999001500404nice12345678IN_TiNIC20260116012244.0050524s1969 lona grp 000 0 eng  ac10000a232bHUN aHunter, A M aBible and Gospel aLondonbScm Press c1969 a146p aincludes index and biblioraphy2 aIndex, Bibliography aBible N.T. Gospel1 aHunter, A M bSRS cBK 001040708StackRoom-aHMIbHMId2007-06-15g100.00l0o232 HUNp014654r2007-06-15v100.00w2005-05-24yBK c6263d6263